vkie - DŻUNGLA - Statystyki

Ogólne statystyki
  • Ten quiz został rozwiązany 40 razy
  • Średni wynik to 9 z 17
Statystyki odpowiedzi
DŻUNGLA % Poprawnych
MY KONTRA ONI
83%
MIĘTA
79%
HANNAH MONTANA
72%
ALEPPO
69%
NAUCZYŁEM SIĘ
69%
SMI
62%
BOZO
59%
WWV
55%
JEBAĆ TWOICH ZIOMÓW
52%
CRAZY FROG
48%
TO I TAMTO
48%
ALGORYTM
45%
TOKSYNY
45%
BIG JUNGLE SHIT (OUTRO)
41%
DAJ PARE MI
34%
JESTEM W STANIE
34%
TWOJA LIGA NISKA
34%
Nie znaleziono quizów pasujących do podanych kryteriów
Rozkład punktacji
Procent ludzi z każdym wynikiem
Percentyl według liczby udzielonych odpowiedzi
Twoja historia wyników
Nie rozwiązałeś tego quizu